[Event "Tehran2016"]
[Site "Tehran"]
[Date "2016.11.02"]
[Round "9.1"]
[White "Toufighi, Homayoon"]
[Black "Harutjunyan, Gevorg"]
[Result "1-0"]
[BlackElo "2414"]
[WhiteElo "2379"]
[LiveChessVersion "1.4.8"]

1. e4 {[%clk 1:21:44]} e5 {[%clk 1:30:54]} 2. Nf3 {[%clk 1:20:15]} Nc6
{[%clk 1:31:06]} 3. Bb5 {[%clk 1:18:03]} a6 {[%clk 1:30:15]} 4. Bxc6
{[%clk 1:15:52]} dxc6 {[%clk 1:30:30]} 5. O-O {[%clk 1:16:18]} f6
{[%clk 1:26:43]} 6. d4 {[%clk 1:13:21]} exd4 {[%clk 1:26:50]} 7. Nxd4
{[%clk 1:13:41]} c5 {[%clk 1:27:09]} 8. Ne2 {[%clk 1:14:08]} Qxd1
{[%clk 1:25:58]} 9. Rxd1 {[%clk 1:12:26]} Bd7 {[%clk 1:26:25]} 10. Bf4
{[%clk 1:11:21]} O-O-O {[%clk 1:26:32]} 11. Nbc3 {[%clk 1:08:37]} Ne7
{[%clk 1:25:51]} 12. Bg3 {[%clk 0:53:49]} g5 {[%clk 1:20:52]} 13. a4
{[%clk 0:49:47]} h5 {[%clk 1:15:26]} 14. h4 {[%clk 0:45:29]} Bg7 {[%clk 1:14:35]}
15. f3 {[%clk 0:27:50]} Bc6 {[%clk 1:06:44]} 16. Bf2 {[%clk 0:27:12]} b6
{[%clk 1:06:20]} 17. hxg5 {[%clk 0:26:47]} fxg5 {[%clk 1:06:41]} 18. Be3
{[%clk 0:26:49]} g4 {[%clk 1:05:30]} 19. Rxd8+ {[%clk 0:25:28]} Rxd8
{[%clk 1:05:13]} 20. Kf2 {[%clk 0:25:30]} Ng6 {[%clk 1:00:09]} 21. Rh1
{[%clk 0:25:37]} Rh8 {[%clk 0:59:14]} 22. f4 {[%clk 0:19:48]} h4 {[%clk 0:55:29]}
23. f5 {[%clk 0:19:10]} Ne5 {[%clk 0:54:53]} 24. Bg5 {[%clk 0:18:37]} g3+
{[%clk 0:46:30]} 25. Kg1 {[%clk 0:12:45]} h3 {[%clk 0:40:43]} 26. Nxg3
{[%clk 0:11:04]} hxg2 {[%clk 0:40:18]} 27. Rxh8+ {[%clk 0:10:59]} Bxh8
{[%clk 0:40:44]} 28. Kxg2 {[%clk 0:11:16]} Nc4 {[%clk 0:39:23]} 29. f6
{[%clk 0:07:14]} Kd7 {[%clk 0:32:27]} 30. b3 {[%clk 0:04:54]} Ne5
{[%clk 0:23:31]} 31. Nh5 {[%clk 0:05:10]} Ke6 {[%clk 0:21:36]} 32. Nf4+
{[%clk 0:05:34]} Kf7 {[%clk 0:21:12]} 33. Nfd5 {[%clk 0:05:50]} b5
{[%clk 0:16:57]} 34. Nxc7 {[%clk 0:06:01]} b4 {[%clk 0:15:33]} 35. N3d5
{[%clk 0:06:26]} a5 {[%clk 0:15:27]} 36. Kg3 {[%clk 0:03:40]} c4 {[%clk 0:14:18]}
37. Kf4 {[%clk 0:03:48]} cxb3 {[%clk 0:14:40]} 38. cxb3 {[%clk 0:04:02]} Nd3+
{[%clk 0:14:52]} 39. Ke3 {[%clk 0:04:21]} Nc5 {[%clk 0:13:07]} 40. e5
{[%clk 0:04:12]} Bxd5 {[%clk 0:11:44]} 41. Nxd5 {[%clk 0:04:38]} Nxb3
{[%clk 0:12:11]} 42. Ke4 {[%clk 0:02:19]} Nc5+ {[%clk 0:11:08]} 43. Kf5
{[%clk 0:02:46]} b3 {[%clk 0:11:26]} 44. Bc1 {[%clk 0:02:48]} Ne6
{[%clk 0:11:29]} 45. Bb2 {[%clk 0:03:07]} Nc5 {[%clk 0:11:13]} 46. Ba3
{[%clk 0:02:25]} Ne6 {[%clk 0:11:15]} 47. Bb2 {[%clk 0:02:49]} Nc5
{[%clk 0:11:22]} 48. Nb6 {[%clk 0:02:48]} Ne6 {[%clk 0:01:52]} 49. Nc4
{[%clk 0:03:09]} Nc5 {[%clk 0:01:56]} 50. e6+ {[%clk 0:03:22]} 1-0

[Event "Tehran2016"]
[Site "Tehran"]
[Date "2016.11.02"]
[Round "9.2"]
[White "Komarov, Dimitri"]
[Black "Fier, Alexandr"]
[Result "1-0"]
[BlackElo "2614"]
[WhiteElo "2498"]
[LiveChessVersion "1.4.8"]

1. Nf3 Nf6 2. c4 g6 3. Nc3 Bg7 4. e4 d6 5. d4 O-O 6. Be2 e5 7. O-O Nc6 8. Be3 Ng4
9. Bg5 f6 10. Bc1 f5 11. d5 Ne7 12. Ng5 Nf6 13. exf5 gxf5 14. f4 h6 15. Ne6 Bxe6
16. dxe6 e4 17. Be3 Ne8 18. Qb3 c5 19. Rad1 Bxc3 20. Qxc3 Qc8 21. g4 Qxe6 22. Kh1
Ng7 23. Rg1 Kh7 24. Qxg7+ Kxg7 25. gxf5+ Kf6 26. fxe6 Nf5 27. Bd2 Kxe6 28. Bg4
Rg8 29. Bxf5+ Kxf5 30. Be3 Rxg1+ 31. Kxg1 Ke6 32. f5+ 1-0

[Event "Tehran2016"]
[Site "Tehran"]
[Date "2016.11.02"]
[Round "9.3"]
[White "Alavi, Sayed Javad"]
[Black "Korneev, Oleg"]
[Result "1/2-1/2"]
[BlackElo "2581"]
[WhiteElo "2457"]
[LiveChessVersion "1.4.8"]

1. e4 {[%clk 1:28:05]} c5 {[%clk 1:30:52]} 2. Ne2 {[%clk 1:27:47]} Nc6
{[%clk 1:31:09]} 3. d4 {[%clk 1:28:08]} cxd4 {[%clk 1:31:35]} 4. Nxd4
{[%clk 1:28:33]} g6 {[%clk 1:29:28]} 5. Be2 {[%clk 1:26:56]} Bg7 {[%clk 1:29:46]}
6. Nb3 {[%clk 1:27:21]} Nf6 {[%clk 1:29:33]} 7. Nc3 {[%clk 1:27:33]} O-O
{[%clk 1:29:51]} 8. O-O {[%clk 1:27:45]} b6 {[%clk 1:25:52]} 9. f4
{[%clk 1:22:11]} d6 {[%clk 1:24:50]} 10. Bf3 {[%clk 1:20:08]} Bb7
{[%clk 1:25:11]} 11. Be3 {[%clk 1:18:31]} Rc8 {[%clk 1:24:27]} 12. Qd2
{[%clk 1:18:44]} Qc7 {[%clk 1:14:02]} 13. Nb5 {[%clk 1:10:09]} Qb8
{[%clk 1:11:13]} 14. c4 {[%clk 1:10:34]} Ba8 {[%clk 1:06:52]} 15. Qe2
{[%clk 1:07:19]} 1/2-1/2

[Event "Tehran2016"]
[Site "Tehran"]
[Date "2016.11.02"]
[Round "9.4"]
[White "Idani, Pouya"]
[Black "Bernadskiy, Vitaliy"]
[Result "1-0"]
[BlackElo "2539"]
[WhiteElo "2551"]
[LiveChessVersion "1.4.8"]

1. Nf3 {[%clk 1:28:12]} e6 {[%clk 1:28:43]} 2. g3 {[%clk 1:28:23]} b5
{[%clk 1:25:19]} 3. Bg2 {[%clk 1:28:10]} Bb7 {[%clk 1:25:00]} 4. O-O
{[%clk 1:28:34]} Nf6 {[%clk 1:23:40]} 5. b3 {[%clk 1:28:59]} Be7 {[%clk 1:21:31]}
6. c4 {[%clk 1:28:34]} b4 {[%clk 1:19:04]} 7. Bb2 {[%clk 1:28:06]} O-O
{[%clk 1:19:10]} 8. a3 {[%clk 1:25:43]} a5 {[%clk 1:19:06]} 9. axb4
{[%clk 1:25:40]} axb4 {[%clk 1:19:27]} 10. Rxa8 {[%clk 1:26:05]} Bxa8
{[%clk 1:19:55]} 11. d3 {[%clk 1:25:31]} c5 {[%clk 1:18:37]} 12. Nbd2
{[%clk 1:24:32]} Nc6 {[%clk 1:14:52]} 13. e3 {[%clk 1:21:27]} Qc7
{[%clk 1:09:40]} 14. Qc2 {[%clk 1:16:18]} d6 {[%clk 1:05:27]} 15. Rc1
{[%clk 1:15:47]} Ne5 {[%clk 1:02:23]} 16. Ra1 {[%clk 1:09:16]} Nxf3+
{[%clk 1:00:37]} 17. Bxf3 {[%clk 1:08:39]} Bxf3 {[%clk 1:00:51]} 18. Nxf3
{[%clk 1:09:01]} Qb7 {[%clk 1:00:54]} 19. e4 {[%clk 1:07:42]} Ra8
{[%clk 0:48:50]} 20. Qb1 {[%clk 0:45:23]} Nd7 {[%clk 0:48:46]} 21. d4
{[%clk 0:40:51]} 1-0

[Event "Tehran2016"]
[Site "Tehran"]
[Date "2016.11.02"]
[Round "9.5"]
[White "Rasulov, Vugar"]
[Black "Tahbaz, Arash"]
[Result "1-0"]
[BlackElo "2427"]
[WhiteElo "2501"]
[LiveChessVersion "1.4.8"]

1. d4 {[%clk 1:30:13]} Nf6 {[%clk 1:24:02]} 2. Nf3 {[%clk 1:30:36]} e6
{[%clk 1:16:07]} 3. g3 {[%clk 1:30:45]} Be7 {[%clk 1:10:13]} 4. Bg2
{[%clk 1:28:49]} O-O {[%clk 1:10:30]} 5. O-O {[%clk 1:29:12]} d5 {[%clk 1:10:59]}
6. c4 {[%clk 1:29:36]} dxc4 {[%clk 1:11:27]} 7. Qc2 {[%clk 1:30:01]} a6
{[%clk 1:11:47]} 8. a4 {[%clk 1:30:29]} Bd7 {[%clk 1:11:59]} 9. Qxc4
{[%clk 1:30:54]} Bc6 {[%clk 1:12:23]} 10. Bg5 {[%clk 1:31:07]} Bd5
{[%clk 1:10:18]} 11. Qd3 {[%clk 1:31:09]} Be4 {[%clk 1:03:57]} 12. Qd1
{[%clk 1:29:17]} a5 {[%clk 1:03:59]} 13. Nbd2 {[%clk 1:27:45]} Bxf3
{[%clk 1:03:29]} 14. Nxf3 {[%clk 1:27:30]} h6 {[%clk 1:03:58]} 15. Bd2
{[%clk 1:26:30]} Nc6 {[%clk 1:01:06]} 16. e3 {[%clk 1:26:52]} Nb4
{[%clk 0:59:22]} 17. Ne5 {[%clk 1:25:38]} c6 {[%clk 0:59:40]} 18. Qb3
{[%clk 1:26:00]} Qc7 {[%clk 0:48:01]} 19. Rfd1 {[%clk 1:24:09]} Rfd8
{[%clk 0:47:42]} 20. Rac1 {[%clk 1:24:32]} Nd7 {[%clk 0:47:37]} 21. Nc4
{[%clk 1:23:29]} Nb6 {[%clk 0:39:19]} 22. Na3 {[%clk 1:23:41]} e5
{[%clk 0:38:51]} 23. Bc3 {[%clk 1:21:32]} Bf6 {[%clk 0:36:34]} 24. dxe5
{[%clk 1:18:31]} Rxd1+ {[%clk 0:35:25]} 25. Rxd1 {[%clk 1:18:51]} Bxe5
{[%clk 0:35:48]} 26. e4 {[%clk 1:14:42]} Qe7 {[%clk 0:25:48]} 27. h3
{[%clk 1:14:20]} Re8 {[%clk 0:24:56]} 28. Nc2 {[%clk 1:13:05]} Bd6
{[%clk 0:21:56]} 29. Ne3 {[%clk 1:10:38]} Be5 {[%clk 0:21:42]} 30. f4
{[%clk 1:09:12]} Bxc3 {[%clk 0:20:42]} 31. bxc3 {[%clk 1:09:37]} N4d5
{[%clk 0:20:37]} 32. Nxd5 {[%clk 1:09:03]} Qc5+ {[%clk 0:20:59]} 33. Kh1
{[%clk 1:00:37]} cxd5 {[%clk 0:21:20]} 34. exd5 {[%clk 1:01:05]} Nc4
{[%clk 0:09:03]} 35. d6 {[%clk 0:50:32]} Nxd6 {[%clk 0:08:40]} 36. Qd5
{[%clk 0:50:51]} Qxd5 {[%clk 0:06:24]} 37. Rxd5 {[%clk 0:51:08]} Ne4
{[%clk 0:06:02]} 38. Rxa5 {[%clk 0:51:32]} b6 {[%clk 0:06:07]} 39. Ra6
{[%clk 0:47:24]} Nxc3 {[%clk 0:06:35]} 40. Bc6 {[%clk 0:47:43]} Rb8
{[%clk 0:04:39]} 41. Kg2 {[%clk 0:47:56]} Kf8 {[%clk 0:04:38]} 42. Kf2
{[%clk 0:47:50]} Ke7 {[%clk 0:04:41]} 43. Ra7+ {[%clk 0:48:10]} Kd6
{[%clk 0:03:48]} 44. Bf3 {[%clk 0:48:26]} Ke6 {[%clk 0:02:38]} 45. Ke3
{[%clk 0:48:31]} Rd8 {[%clk 0:02:13]} 46. Bc6 {[%clk 0:46:22]} Rd6
{[%clk 0:01:57]} 47. Be8 {[%clk 0:46:31]} Nd5+ {[%clk 0:02:16]} 48. Kf3
{[%clk 0:46:55]} Ne7 {[%clk 0:02:33]} 49. Bb5 {[%clk 0:46:18]} Kf6
{[%clk 0:01:52]} 50. Rb7 {[%clk 0:41:42]} Nf5 {[%clk 0:01:34]} 51. Bc4
{[%clk 0:39:11]} Nd4+ {[%clk 0:01:42]} 52. Ke3 {[%clk 0:37:53]} Ne6
{[%clk 0:01:49]} 53. Ra7 {[%clk 0:37:42]} Nd8 {[%clk 0:01:48]} 54. g4
{[%clk 0:36:57]} g5 {[%clk 0:00:36]} 55. f5 {[%clk 0:37:05]} Kg7 {[%clk 0:01:00]}
56. Ke4 {[%clk 0:37:13]} Kf6 {[%clk 0:01:15]} 57. Bd5 {[%clk 0:37:33]} Kg7
{[%clk 0:00:58]} 58. Ke5 {[%clk 0:37:45]} Rc6 {[%clk 0:00:43]} 59. Rd7
{[%clk 0:38:02]} Rc8 {[%clk 0:01:06]} 60. f6+ {[%clk 0:37:26]} Kf8
{[%clk 0:01:10]} 61. Kd6 {[%clk 0:37:55]} Ne6 {[%clk 0:00:58]} 62. Bxe6
{[%clk 0:38:13]} fxe6 {[%clk 0:01:25]} 63. Kxe6 {[%clk 0:38:35]} Ra8
{[%clk 0:01:34]} 64. Rb7 {[%clk 0:38:39]} 1-0

[Event "Tehran2016"]
[Site "Tehran"]
[Date "2016.11.02"]
[Round "9.6"]
[White "Hakemi, Arman"]
[Black "Jojua, Davit"]
[Result "1-0"]
[BlackElo "2592"]
[WhiteElo "2197"]
[LiveChessVersion "1.4.8"]

1. d4 Nf6 2. c4 g6 3. Nf3 Bg7 4. g3 O-O 5. Bg2 d6 6. O-O Nc6 7. Nc3 a6 8. h3 Bd7
9. Be3 Rb8 10. Rc1 b5 11. Nd2 e6 12. b3 Ne7 13. Bg5 h6 14. Bxf6 Bxf6 15. e3 Bg7
16. Qc2 b4 17. Ne2 e5 18. dxe5 Bxe5 19. Rfd1 Qc8 20. Kh2 Be6 21. Nf3 Bg7 22. Nf4
Re8 23. Nd4 1-0

[Event "Tehran2016"]
[Site "Tehran"]
[Date "2016.11.02"]
[Round "9.7"]
[White "Darini, Pouria"]
[Black "Khodashenas, Mersad"]
[Result "1-0"]
[BlackElo "2385"]
[WhiteElo "2509"]
[LiveChessVersion "1.4.8"]

1. d4 {[%clk 1:25:40]} c5 {[%clk 1:30:32]} 2. d5 {[%clk 1:22:51]} e5
{[%clk 1:31:01]} 3. dxe6 {[%clk 1:21:35]} fxe6 {[%clk 1:30:51]} 4. e4
{[%clk 1:21:59]} Nc6 {[%clk 1:29:31]} 5. Nc3 {[%clk 1:22:03]} Nf6
{[%clk 1:28:40]} 6. f4 {[%clk 1:18:58]} d5 {[%clk 1:27:09]} 7. e5
{[%clk 1:18:46]} Ng8 {[%clk 1:27:10]} 8. g3 {[%clk 1:01:33]} Nh6 {[%clk 1:25:51]}
9. Bh3 {[%clk 1:01:52]} Be7 {[%clk 1:24:29]} 10. Nf3 {[%clk 0:54:53]} O-O
{[%clk 1:24:31]} 11. O-O {[%clk 0:54:04]} a6 {[%clk 1:23:08]} 12. Ne2
{[%clk 0:53:24]} b5 {[%clk 1:22:16]} 13. g4 {[%clk 0:46:17]} d4 {[%clk 1:20:28]}
14. Ng3 {[%clk 0:46:17]} Qd5 {[%clk 1:20:11]} 15. Bg2 {[%clk 0:43:39]} Bb7
{[%clk 1:19:33]} 16. f5 {[%clk 0:27:58]} Nxe5 {[%clk 1:16:01]} 17. Bxh6
{[%clk 0:28:17]} gxh6 {[%clk 1:16:29]} 18. Qe2 {[%clk 0:28:34]} Bf6
{[%clk 1:10:29]} 19. Nh5 {[%clk 0:25:47]} Nc4 {[%clk 1:07:06]} 20. Nh4 d3
{[%clk 1:07:06]} 21. Nxf6+ Rxf6 {[%clk 1:07:06]} 22. cxd3 Qd4+ {[%clk 1:07:06]}
23. Kh1 1-0

[Event "Tehran2016"]
[Site "Tehran"]
[Date "2016.11.02"]
[Round "9.8"]
[White "Mosadeghpour, Masoud"]
[Black "Salimifard, Behtash"]
[Result "1-0"]
[BlackElo "2216"]
[WhiteElo "2474"]
[LiveChessVersion "1.4.8"]

1. d4 {[%clk 1:18:51]} Nf6 {[%clk 1:30:49]} 2. Nc3 {[%clk 1:19:17]} c5
{[%clk 1:29:23]} 3. dxc5 {[%clk 1:18:07]} e6 {[%clk 1:25:37]} 4. e4
{[%clk 1:18:28]} Qa5 {[%clk 1:25:21]} 5. Bd3 {[%clk 1:17:32]} Bxc5
{[%clk 1:25:35]} 6. Nf3 {[%clk 1:17:15]} Nc6 {[%clk 1:25:04]} 7. O-O
{[%clk 1:17:07]} a6 {[%clk 1:25:30]} 8. e5 {[%clk 1:11:00]} Ng4 {[%clk 1:25:44]}
9. Bf4 {[%clk 1:11:28]} Be7 {[%clk 1:09:40]} 10. Re1 {[%clk 1:03:00]} h5
{[%clk 0:57:59]} 11. h3 {[%clk 1:02:46]} g5 {[%clk 0:58:11]} 12. Bxg5
{[%clk 0:59:43]} Ngxe5 {[%clk 0:55:01]} 13. Bxe7 {[%clk 0:59:18]} Nxf3+
{[%clk 0:54:58]} 14. Qxf3 {[%clk 0:59:33]} Nxe7 {[%clk 0:55:26]} 15. Qf6
{[%clk 0:57:28]} Rf8 {[%clk 0:48:54]} 16. Re5 {[%clk 0:55:37]} Qd8
{[%clk 0:46:58]} 17. Rxh5 {[%clk 0:55:04]} d5 {[%clk 0:47:28]} 18. Rh8
{[%clk 0:55:12]} Ng6 {[%clk 0:47:51]} 19. Rxf8+ {[%clk 0:53:49]} Nxf8
{[%clk 0:48:20]} 20. Qh8 {[%clk 0:54:17]} Bd7 {[%clk 0:48:07]} 21. Re1
{[%clk 0:53:16]} Bc6 {[%clk 0:48:32]} 22. Ne2 {[%clk 0:53:41]} Qd7
{[%clk 0:48:23]} 23. h4 {[%clk 0:53:26]} O-O-O {[%clk 0:48:44]} 24. h5
{[%clk 0:53:39]} d4 {[%clk 0:43:52]} 25. Qf6 {[%clk 0:52:15]} Qd6
{[%clk 0:41:24]} 26. Qxf7 {[%clk 0:48:47]} 1-0

[Event "Tehran2016"]
[Site "Tehran"]
[Date "2016.11.02"]
[Round "9.9"]
[White "Khademalsharieh, Sarasadat"]
[Black "Firouzja, Alireza"]
[Result "1-0"]
[BlackElo "2469"]
[WhiteElo "2439"]
[LiveChessVersion "1.4.8"]

1. d4 {[%clk 1:25:16]} Nf6 {[%clk 1:30:13]} 2. c4 {[%clk 1:25:45]} g6
{[%clk 1:27:36]} 3. Nc3 Bg7 {[%clk 1:27:32]} 4. e4 {[%clk 1:25:45]} O-O
{[%clk 1:27:54]} 5. Be2 {[%clk 1:26:07]} d6 {[%clk 1:25:19]} 6. Be3 Nc6
{[%clk 1:17:00]} 7. Nf3 {[%clk 1:23:39]} Bg4 8. d5 {[%clk 1:17:17]} Nb8
{[%clk 1:15:30]} 9. O-O {[%clk 1:09:47]} c6 {[%clk 1:06:10]} 10. h3
{[%clk 1:10:12]} Bxf3 {[%clk 1:02:25]} 11. Bxf3 {[%clk 1:08:39]} Nfd7 12. Qd2
{[%clk 0:59:40]} a5 {[%clk 1:00:52]} 13. Be2 {[%clk 0:59:40]} Na6 14. f4
{[%clk 0:48:11]} Nac5 {[%clk 0:50:59]} 15. Bf3 {[%clk 0:46:50]} Rc8
{[%clk 0:44:33]} 16. Rac1 {[%clk 0:46:50]} a4 17. Ne2 {[%clk 0:43:09]} Qb6 18.
Nd4 {[%clk 0:43:09]} Qa6 19. Rfd1 {[%clk 0:43:09]} Nf6 20. Qc2 {[%clk 0:43:09]}
Rfe8 1-0

[Event "Tehran2016"]
[Site "Tehran"]
[Date "2016.11.02"]
[Round "9.10"]
[White "Ghaem Maghami, Ehsan"]
[Black "Sedaghati, Mehrdad"]
[Result "1-0"]
[BlackElo "2267"]
[WhiteElo "2577"]
[LiveChessVersion "1.4.8"]

1. c4 {[%clk 1:29:29]} c5 {[%clk 1:30:49]} 2. Nf3 {[%clk 1:29:51]} Nc6
{[%clk 1:30:59]} 3. d4 {[%clk 1:29:57]} cxd4 {[%clk 1:31:18]} 4. Nxd4
{[%clk 1:30:20]} Nf6 {[%clk 1:30:16]} 5. Nc3 {[%clk 1:29:50]} e6 {[%clk 1:29:17]}
6. g3 {[%clk 1:22:12]} Bb4 {[%clk 1:12:03]} 7. Bg2 {[%clk 1:20:39]} O-O
{[%clk 1:07:55]} 8. O-O {[%clk 1:20:49]} a6 {[%clk 1:07:26]} 9. Bf4
{[%clk 1:16:12]} Re8 {[%clk 1:04:35]} 10. Rc1 {[%clk 1:11:28]} e5
{[%clk 1:03:45]} 11. Nxc6 {[%clk 1:11:48]} bxc6 {[%clk 1:04:09]} 12. Bg5
{[%clk 1:12:12]} h6 {[%clk 0:58:49]} 13. Bxf6 {[%clk 1:11:55]} Qxf6
{[%clk 0:59:13]} 14. Ne4 {[%clk 1:10:59]} Qe6 {[%clk 0:59:41]} 15. c5
{[%clk 1:07:46]} Qxa2 {[%clk 0:53:22]} 16. Nd6 {[%clk 1:05:10]} Rf8
{[%clk 0:53:45]} 17. Qc2 {[%clk 1:04:41]} Qe6 {[%clk 0:49:59]} 18. Be4
{[%clk 0:57:35]} Ba5 {[%clk 0:43:46]} 19. Bf5 {[%clk 0:54:58]} Qe7
{[%clk 0:41:16]} 20. Rfd1 {[%clk 0:53:48]} Rd8 {[%clk 0:41:16]} 21. Rd3
{[%clk 0:42:09]} Bc7 {[%clk 0:41:24]} 22. Nxc8 {[%clk 0:41:53]} Raxc8
{[%clk 0:41:21]} 23. Rcd1 {[%clk 0:42:12]} Ba5 {[%clk 0:33:59]} 24. Rxd7
{[%clk 0:41:22]} Rxd7 {[%clk 0:34:22]} 25. Rxd7 {[%clk 0:41:43]} Qf8
{[%clk 0:34:45]} 26. b4 {[%clk 0:40:02]} Bxb4 {[%clk 0:34:24]} 27. Qc4
{[%clk 0:39:23]} Rb8 {[%clk 0:34:50]} 28. Rxf7 {[%clk 0:39:19]} Qxc5
{[%clk 0:35:18]} 29. Qe6 {[%clk 0:39:20]} Rf8 {[%clk 0:33:34]} 30. Rxg7+ 1-0

[Event "Tehran2016"]
[Site "Tehran"]
[Date "2016.11.02"]
[Round "9.11"]
[White "Tabatabaei, M.Amin"]
[Black "Hosseinipour, Mehdi"]
[Result "1-0"]
[BlackElo "2255"]
[WhiteElo "2486"]
[LiveChessVersion "1.4.8"]

1. d4 {[%clk 1:19:53]} Nf6 {[%clk 1:30:48]} 2. c4 {[%clk 1:20:18]} e6
{[%clk 1:31:10]} 3. g3 {[%clk 1:19:29]} c5 {[%clk 1:31:28]} 4. Nf3
{[%clk 1:19:37]} cxd4 {[%clk 1:31:49]} 5. Nxd4 {[%clk 1:20:01]} d5
{[%clk 1:32:14]} 6. Bg2 {[%clk 1:19:38]} e5 {[%clk 1:32:36]} 7. Nf3
{[%clk 1:18:05]} d4 {[%clk 1:32:40]} 8. O-O {[%clk 1:17:46]} Nc6 {[%clk 1:33:01]}
9. e3 {[%clk 1:09:55]} Be7 {[%clk 1:28:01]} 10. exd4 {[%clk 1:10:01]} exd4
{[%clk 1:28:22]} 11. Bf4 {[%clk 0:58:52]} O-O {[%clk 1:19:42]} 12. Ne5
{[%clk 0:58:50]} Qb6 {[%clk 1:18:06]} 13. Qb3 {[%clk 0:51:26]} Qa6
{[%clk 1:10:13]} 14. Na3 {[%clk 0:45:13]} Be6 {[%clk 1:04:24]} 15. Nb5
{[%clk 0:41:31]} Na5 {[%clk 1:01:08]} 16. Qa4 {[%clk 0:41:13]} Rac8
{[%clk 1:00:22]} 17. Nxd4 {[%clk 0:33:45]} Bxc4 {[%clk 0:59:53]} 18. b4
{[%clk 0:31:01]} Nc6 {[%clk 0:45:50]} 19. Qxa6 {[%clk 0:27:30]} Bxa6
{[%clk 0:45:54]} 20. Nexc6 {[%clk 0:25:23]} bxc6 {[%clk 0:46:07]} 21. Rfc1
{[%clk 0:25:38]} Bxb4 {[%clk 0:44:13]} 22. a3 {[%clk 0:25:36]} Be7
{[%clk 0:40:53]} 23. Nf5 {[%clk 0:22:15]} Bd8 {[%clk 0:32:26]} 24. Bxc6
{[%clk 0:22:14]} Bd3 {[%clk 0:27:34]} 25. Nd6 {[%clk 0:22:26]} Rc7
{[%clk 0:27:58]} 26. Nb7 {[%clk 0:22:30]} Rxc6 {[%clk 0:24:24]} 27. Rxc6
{[%clk 0:22:52]} Bb6 {[%clk 0:24:50]} 28. Nd6 {[%clk 0:22:54]} Ng4
{[%clk 0:23:17]} 29. Ra2 {[%clk 0:16:47]} g5 {[%clk 0:22:08]} 30. Bxg5
{[%clk 0:16:37]} Ne5 {[%clk 0:22:34]} 31. Rc3 {[%clk 0:16:46]} Bd4
{[%clk 0:22:14]} 32. Rb3 {[%clk 0:14:04]} Bc5 {[%clk 0:17:51]} 33. Be7
{[%clk 0:12:46]} Ra8 {[%clk 0:14:18]} 34. Rab2 {[%clk 0:11:49]} Kg7
{[%clk 0:12:26]} 35. Rb8 {[%clk 0:10:25]} Rxb8 {[%clk 0:12:26]} 36. Rxb8
{[%clk 0:10:53]} Bb6 {[%clk 0:08:59]} 37. Kg2 {[%clk 0:08:11]} Nc6
{[%clk 0:08:24]} 38. Bf8+ {[%clk 0:07:30]} Kg6 {[%clk 0:07:55]} 39. Rc8
{[%clk 0:07:42]} Ne5 {[%clk 0:06:37]} 40. f4 {[%clk 0:07:07]} Nd7
{[%clk 0:07:01]} 41. Be7 {[%clk 0:07:14]} h6 {[%clk 0:06:59]} 42. g4
{[%clk 0:06:28]} Ba6 {[%clk 0:06:16]} 43. Rg8+ {[%clk 0:05:36]} Kh7
{[%clk 0:06:44]} 44. Re8 {[%clk 0:05:59]} Bc7 {[%clk 0:05:28]} 45. Kg3
{[%clk 0:05:32]} 1-0

[Event "Tehran2016"]
[Site "Tehran"]
[Date "2016.11.02"]
[Round "9.12"]
[White "Vahidov, Tair"]
[Black "Derakhshani, Borna"]
[Result "1-0"]
[BlackElo "2229"]
[WhiteElo "2422"]
[LiveChessVersion "1.4.8"]

1. Nf3 {[%clk 1:30:58]} Nf6 {[%clk 1:20:02]} 2. g3 {[%clk 1:31:11]} d5
{[%clk 1:19:04]} 3. Bg2 {[%clk 1:30:05]} Bg4 {[%clk 1:17:12]} 4. O-O
{[%clk 1:30:04]} e6 {[%clk 1:16:50]} 5. d4 {[%clk 1:27:33]} Nbd7 {[%clk 1:16:50]}
6. c4 {[%clk 1:26:53]} c6 {[%clk 1:16:49]} 7. Qb3 {[%clk 1:21:01]} Qb6
{[%clk 1:16:32]} 8. Nc3 {[%clk 1:21:09]} Be7 {[%clk 1:12:46]} 9. c5
{[%clk 1:04:49]} Qxb3 {[%clk 1:11:44]} 10. axb3 {[%clk 1:05:13]} a6
{[%clk 1:11:49]} 11. b4 {[%clk 1:02:51]} O-O {[%clk 1:11:46]} 12. Nd2
{[%clk 0:57:35]} Bd8 {[%clk 1:10:37]} 13. Nb3 {[%clk 0:55:08]} Bc7
{[%clk 1:10:45]} 14. Bf4 {[%clk 0:51:36]} Bxf4 {[%clk 1:09:15]} 15. gxf4
{[%clk 0:50:44]} Nh5 {[%clk 1:08:48]} 16. f3 {[%clk 0:34:27]} Bf5
{[%clk 1:08:48]} 17. e4 {[%clk 0:34:29]} Bg6 {[%clk 1:08:30]} 18. f5
{[%clk 0:34:13]} exf5 {[%clk 1:08:57]} 19. exd5 {[%clk 0:34:38]} Nf4
{[%clk 1:08:28]} 20. Na5 {[%clk 0:28:33]} cxd5 {[%clk 1:04:23]} 21. Nxb7
{[%clk 0:28:38]} Rfb8 {[%clk 1:04:25]} 22. c6 {[%clk 0:28:48]} Nb6
{[%clk 1:04:36]} 23. b5 {[%clk 0:28:16]} f6 {[%clk 1:02:03]} 24. Rxa6
{[%clk 0:18:28]} Rxa6 {[%clk 1:01:34]} 25. bxa6 {[%clk 0:18:53]} Rc8
{[%clk 0:59:28]} 26. Nc5 {[%clk 0:16:51]} Be8 {[%clk 0:56:59]} 27. b4
{[%clk 0:11:58]} Rxc6 {[%clk 0:55:53]} 28. Re1 {[%clk 0:11:21]} Kf7
{[%clk 0:54:24]} 29. b5 {[%clk 0:10:28]} Rd6 {[%clk 0:53:40]} 30. Bf1
{[%clk 0:09:50]} Ng6 {[%clk 0:50:00]} 31. N3a4 {[%clk 0:09:23]} Nc8
{[%clk 0:46:54]} 32. b6 {[%clk 0:09:22]} 1-0